000 00341nam a2200145Ia 4500
008 230917s9999||||xx |||||||||||||| ||und||
040 _e144324
_aMAIN
041 _aEnglish
082 _a954.01 A48B
100 _aArun
245 0 _aBharatiya pura-itihas kosh
260 _aMeerut
_bAnu Prakashan
_c1978
300 _a868 p.
942 _cBK
999 _c189586
_d189586